Komparácia právnych foriem podnikania v Slovenskej republike bakalárska práca

Gespeichert in:
Bibliographische Detailangaben
1. Verfasser: Ťažká, Alžbeta
Körperschaft: Fakulta podnikového manažmentu EU. Katedra podnikovohospodárska
Weitere Verfasser: Raková, Monika, 1991-
Format: Buch
Sprache:Slowakisch
Veröffentlicht: Bratislava 2020
Tags: Tag hinzufügen
Keine Tags, Fügen Sie das erste Tag hinzu!

MARC

LEADER 00000nbm a2200000 4500
001 0266208
005 20201126130543.1
041 0 |a slo 
044 |a SK 
245 1 0 |a Komparácia právnych foriem podnikania v Slovenskej republike  |b bakalárska práca  |c Alžbeta Ťažká ; školiteľ: Monika Raková 
264 1 |a Bratislava  |c 2020 
300 |a 55 s. 
100 1 |a Ťažká, Alžbeta 
700 1 |a Raková, Monika, 1991- 
710 2 |a Fakulta podnikového manažmentu EU. Katedra podnikovohospodárska